000
00264nam a2200085Ia 4500
245
0
_a
Teaching self-defense in secondary physical education
100
_a
Neide, Joan Champaign, IL, [c.2009]
_9
85076
942
_c
BK
008
210817s9999 xx 000 0 und d
999
_c
316147
_d
316146